00746nam a2200157Ia 4500001001000000003000500010008004100015010001100056040000900067100003800076245024800114260003500362300001000397502011600407650006500523Para_3201CHAP220125s1980 xx 000 0 und d a201663 cCHAP aGarcía Estrada, Raymundo Saúl aControl químico del tizon foliar del cártamo (Alternaria carthami corda) y la influencia de la húmedad relativa y la temperatura, en el desarrollo de la enfermedad en el Valle de Culiacán, Sinaloa, México /c Raymundo S. García E. aCuliacán, Sin. :b El autor a46 p. aTesis (Ing. Agr. Esp. en Fitopatología) -- Universidad Autónoma de Sinaloa. Escuela Superior de Agricultura aAzafrancillo x Enfermedades Alternaria cartami Fungicidas